MARC details
| 000 -CABECERA |
| campo de control de longitud fija |
01692nam a2200277 a 4500 |
| 001 - NÚMERO DE CONTROL |
| campo de control |
000000380 |
| 005 - FECHA Y HORA DE LA ÚLTIMA TRANSACCIÓN |
| campo de control |
20260601111909.0 |
| 008 - DATOS DE LONGITUD FIJA--INFORMACIÓN GENERAL |
| campo de control de longitud fija |
090130s2005 dr 000 0 spa d |
| 020 ## - NÚMERO INTERNACIONAL ESTÁNDAR DEL LIBRO |
| Número Internacional Estándar del Libro |
9993479403 |
| 020 ## - NÚMERO INTERNACIONAL ESTÁNDAR DEL LIBRO |
| Número Internacional Estándar del Libro |
9789993479406 |
| 040 ## - FUENTE DE LA CATALOGACIÓN |
| Centro catalogador/agencia de origen |
DO-SdBNP |
| Lengua de catalogación |
spa |
| Centro/agencia transcriptor |
BNPHU |
| 082 ## - NÚMERO DE LA CLASIFICACIÓN DECIMAL DEWEY |
| Número de clasificación |
306.81 |
| Número de documento/Ítem |
A394m |
| 100 1# - ENTRADA PRINCIPAL--NOMBRE DE PERSONA |
| Nombre de persona |
Algarin, Juan, |
| 9 (RLIN) |
1266 |
| 245 10 - MENCIÓN DE TÍTULO |
| Título |
Matrimonio : |
| Resto del título |
¿una relación o un negocio? / |
| Mención de responsabilidad, etc. |
Juan Algarin. |
| 260 ## - PUBLICACIÓN, DISTRIBUCIÓN, ETC. |
| Lugar de publicación, distribución, etc. |
Santo Domingo : |
| Nombre del editor, distribuidor, etc. |
Búho, |
| Fecha de publicación, distribución, etc. |
2005. |
| 300 ## - DESCRIPCIÓN FÍSICA |
| Extensión |
103 p. ; |
| Dimensiones |
22 cm. |
| 505 0# - NOTA DE CONTENIDO CON FORMATO |
| Título |
Prólogo -- |
| Información miscelánea |
1. |
| Título |
Estadísticas para conocer su pareja -- |
| -- |
Cinco puntos -- |
| Información miscelánea |
2. |
| Título |
El divorcio -- |
| -- |
Recorriendo en busca de la felicidad -- |
| -- |
Razones que pueden provocar un divorcio -- |
| Información miscelánea |
3. |
| Título |
Infidelidad. ¿Cómo puedo evitar la infidelidad? -- |
| Información miscelánea |
4. |
| Título |
Otro tipo de divorcio. Matrimonio divorciado sin romper el contrato -- |
| Información miscelánea |
5. |
| Título |
La familia. La familia compuesta por parientes cercanos -- |
| -- |
La familia establecida con hijos de un matrimonio anterior -- |
| -- |
La familia compuesta por parientes lejanos -- |
| Información miscelánea |
6. |
| Título |
La manipulación. ¿Qué es la manipulación? -- |
| -- |
Manipulación religiosa -- |
| -- |
Manipulación por experiencia de la vida -- |
| -- |
Manipulación por dominio -- |
| -- |
Manipulación por lástima -- |
| -- |
Manipulación emocional por los hijos -- |
| -- |
Manipulación económica (propiedades) -- |
| Información miscelánea |
7. |
| Título |
"Mamas boy" -- |
| Información miscelánea |
8. |
| Título |
Un papel con poder -- |
| Información miscelánea |
9. |
| Título |
Cuando tomamos decisiones -- |
| -- |
La comunicación -- |
| -- |
El perdón y la reconciliación -- |
| -- |
La mentira en el matrimonio. |
| 590 ## - NOTA LOCAL (RLIN) |
| Nota local |
Inventariado,2018/DG |
| 650 #0 - PUNTO DE ACCESO ADICIONAL DE MATERIA--TÉRMINO DE MATERIA |
| Término de materia o nombre geográfico como elemento de entrada |
Matrimonio |
| 9 (RLIN) |
797 |
| 650 #0 - PUNTO DE ACCESO ADICIONAL DE MATERIA--TÉRMINO DE MATERIA |
| Término de materia o nombre geográfico como elemento de entrada |
Parejas |
| 9 (RLIN) |
802 |
| 650 #0 - PUNTO DE ACCESO ADICIONAL DE MATERIA--TÉRMINO DE MATERIA |
| Término de materia o nombre geográfico como elemento de entrada |
Divorcio |
| 9 (RLIN) |
1267 |
| 650 #0 - PUNTO DE ACCESO ADICIONAL DE MATERIA--TÉRMINO DE MATERIA |
| Término de materia o nombre geográfico como elemento de entrada |
Infidelidad |
| 9 (RLIN) |
1268 |
| 650 #4 - PUNTO DE ACCESO ADICIONAL DE MATERIA--TÉRMINO DE MATERIA |
| Término de materia o nombre geográfico como elemento de entrada |
Adulterio |
| 9 (RLIN) |
1269 |
| 650 #0 - PUNTO DE ACCESO ADICIONAL DE MATERIA--TÉRMINO DE MATERIA |
| Término de materia o nombre geográfico como elemento de entrada |
Familias |
| 9 (RLIN) |
795 |
| 910 ## - DATOS DE OPCIÓN DEL USUARIO (OCLC) |
| Datos de opción del usuario |
Validado. Control de calidad MFF |